| 000 | 00851pam a2200265 a 4500 | ||
|---|---|---|---|
| 001 | 3432588 | ||
| 005 | 20170731145309.0 | ||
| 007 | 000 | ||
| 008 | 000 | ||
| 010 | _a 91021246 | ||
| 020 | _a0335094775 (hb) | ||
| 020 | _a0335094767 (pb) | ||
| 040 |
_aUOEL _cDLC _dDLC |
||
| 050 | 0 | 0 |
_aRA566.7 _b.H43 1991 |
| 082 | 0 | 0 |
_a362.1/998 _220 |
| 245 | 0 | 0 |
_aHealthy cities / _cedited by John Ashton. |
| 260 |
_aMilton Keynes [England] ; _aPhiladelphia : _bOpen University Press, _c1992. |
||
| 300 |
_axiv, 235 p. : _bill., maps ; _c24 cm. |
||
| 504 | _aIncludes bibliographical references and index. | ||
| 650 | 0 | _aUrban health. | |
| 700 | 1 |
_aAshton, John, _d1947- |
|
| 906 |
_a7 _bcbc _corignew _d1 _eocip _f19 _gy-gencatlg |
||
| 942 |
_2lcc _cSBK |
||
| 999 |
_c15140 _d15140 |
||